| 000 | 00536nam a22001697a 4500 | ||
|---|---|---|---|
| 999 |
_c8686 _d8686 |
||
| 008 | 201210b ||||| |||| 00| 0 eng d | ||
| 040 | _aBMS College of Architecture | ||
| 100 | _aNamrata, N B Baby | ||
| 245 | _aNaturopathy healing center | ||
| 300 | _a43p. | ||
| 500 | _a1BM10AT090 | ||
| 502 |
_8B,Arch _NBMS College of Architecture, Visvesvaraya Technological University (VTU) _aProject report _d2016 |
||
| 650 | _aShreyas Yoga center | ||
| 700 |
_aChannabasavaradhya K B _eGuide |
||
| 700 |
_aPrathima N _eGuide |
||
| 942 |
_2ddc _cTHE |
||